The discourse of race in modern China (Бичлэгийн дугаар. 146822)
| 000 -УДИРДЛАГА | |
|---|---|
| Удирдлага | 00736nam a22002657a 4500 |
| 003 - ХЯНАЛТЫН ТОО ТОДОРХОЙЛОГЧ | |
| Код | MN-UlNUM |
| 005 - БИЧИЛТ ХИЙСЭН ОГНОО | |
| Тухайн бичилтийг бичсэн засварласан сүүлийн огноо | 20260401164143.0 |
| 008 - ЕРӨНХИЙ МЭДЭЭЛЭЛ | |
| Ерөнхий мэдээлэл | 260401s1992 caua 000 0 eng |
| 020 ## - ISBN | |
| ISBN | 0804719942 |
| 040 ## - БИЧЛЭГ ҮҮСГЭГЧ БАЙГУУЛЛАГА | |
| Бичлэг үүсгэгч номын сангийн код | МУИС-ийн номын сан |
| 084 ## - ББК АНГИЛАЛ | |
| Нэмэлт тусгалт | Нэг сэдэвт бүтээл |
| ББК ангилал | 60.7 |
| Зохиогчийн гурван тэмдэгт | D 53 |
| Мэдлэгийн ялгаа | 6 - Нийгэм |
| 100 ## - ЗОХИОГЧ | |
| Зохиогчийн нэр | Dikötter, Frank |
| 245 ## - ҮНДСЭН ГАРЧИГ | |
| Номын нэр | The discourse of race in modern China |
| 246 ## - ЗЭРЭГЦЭЭ ГАРЧИГ | |
| Зэрэгцээ гарчиг | Jin dai Zhongguo zhi zhong zu guan nian |
| 260 ## - ГАРАЛТЫН МЭДЭЭ | |
| Хэвлэгдсэн газар | Stanford, Calif |
| Хэвлэлийн газар | Stanford University Press |
| Хэвлэгдсэн он | 1992 |
| 300 ## - МАТЕРИАЛЫН ТОДОРХОЙЛОЛТ | |
| хуудасны тоо | xii, 251 p. : |
| Бусад тоон мэдээлэл | ill. ; |
| Хэмжээ | 23 cm |
| 500 ## - Тайлбар | |
| Дансны дугаар | БС 4474 |
| 546 ## - ХЭЛНИЙ ТУХАЙ МЭДЭЭ | |
| Хэл | Англи хэл дээр, |
| 653 ## - Түлхүүр үг | |
| Түлхүүр үг | ethnology |
| 653 ## - Түлхүүр үг | |
| Түлхүүр үг | China |
| 653 ## - Түлхүүр үг | |
| Түлхүүр үг | ethnic relations |
| 942 ## - ЭЛЕМЕНТИЙН ТӨРӨЛ | |
| Зүйлийн төрөл | Ном |
